00924nam a2200253 i 450000100060000000300090000600500170001500700030003200800410003502000180007608000320009408000220012610000290014824501100017726000630028730000300035049000650038050400350044560000290048060000200050971000430052983000650057285200330063713963ES-MaACL20230906150712.0t|980825s1998 sp ||||1| spa d a84-605-7941-7 a72 Aalto, Alvar (1898-1976) a72 Bryggman, Erik1 aGarcía Ríos, Ismael.10aAlvar Aalto y Erik Bryggman b: la aparición del funcionalismo en Finlandia / cIsmael García Ríos. aMadrid : bInstituto Iberoamericano de Finlandia, c[1998] a414 p. : bil. ; c24 cm.1 aActa Ibero-Americana Fennica. Series Hispano-Americana ; v1 aBibliografía : p. [385]-414.14aAalto, Alvar,d1898-197614aBryggman, Erik.2 aInstituto Iberoamericano de Finlandia.0 aActa Ibero-Americana Fennica. Series Hispano-Americana ; v1 aES-MaACLjL-21272 bR.126722